[Event "V Open Escacs Xàtiva"]
[Site "Xàtiva, Spain"]
[Date "2019.07.19"]
[Round "7.9"]
[White "Hassomal Daswani, Birjkumar"]
[Black "Martinez Lopez, Jose Luis"]
[Result "0-1"]
[WhiteElo "1994"]
[BlackElo "1702"]
[PlyCount "64"]
[EventDate "2019.??.??"]

1. e4 {[%clk 01:30:59]  [%emt 00:00:03]} 1... c5 {
[%clk 01:30:50]  [%emt 00:00:45]} 2. Nc3 {[%clk 01:31:17]} 2... d6 {
[%clk 01:31:15]} 3. f4 {[%clk 01:31:42]} 3... Nc6 {[%clk 01:31:37]} 4. Bb5 {
[%clk 01:31:47]  [%emt 00:00:17]} 4... Bd7 {[%clk 01:31:53]  [%emt 00:00:14]}
5. Bxc6 {[%clk 01:31:42]  [%emt 00:00:35]} 5... Bxc6 {
[%clk 01:32:15]  [%emt 00:00:12]} 6. Nf3 {[%clk 01:31:46]  [%emt 00:00:21]}
6... e6 {[%clk 01:31:59]  [%emt 00:00:46]} 7. O-O {
[%clk 01:31:58]  [%emt 00:00:40]} 7... Nf6 {[%clk 01:32:09]  [%emt 00:00:06]}
8. d3 {[%clk 01:32:21]} 8... Be7 {[%clk 01:32:30]  [%emt 00:00:07]} 9. Ne2 {
[%clk 01:31:24]  [%emt 00:01:27]} 9... O-O {[%clk 01:32:43]  [%emt 00:00:15]}
10. Ng3 {[%clk 01:31:50]  [%emt 00:00:18]} 10... b5 {
[%clk 01:31:58]  [%emt 00:01:05]} 11. f5 {[%clk 01:32:03]  [%emt 00:00:15]}
11... e5 {[%clk 01:10:29]  [%emt 00:21:58]} 12. Nh1 {
[%clk 01:32:01]  [%emt 00:00:32]} 12... Qb6 {[%clk 01:09:42]  [%emt 00:01:19]}
13. Nf2 {[%clk 01:32:25]  [%emt 00:00:08]} 13... c4 {
[%clk 01:05:53]  [%emt 00:04:16]} 14. Kh1 {[%clk 01:31:26]  [%emt 00:01:29]}
14... Nd7 {[%clk 01:04:22]  [%emt 00:02:01]} 15. Qe2 {
[%clk 01:31:08]  [%emt 00:00:49]} 15... Rac8 {[%clk 00:58:15]  [%emt 00:07:02]}
16. Be3 {[%clk 01:31:12]  [%emt 00:00:07]} 16... Qb7 {
[%clk 00:58:35]  [%emt 00:00:07]} 17. Rae1 {[%clk 01:28:29]  [%emt 00:03:08]}
17... d5 {[%clk 00:48:38]  [%emt 00:10:44]} 18. Bg5 {
[%clk 01:27:38]  [%emt 00:01:08]} 18... f6 {[%clk 00:48:40]  [%emt 00:00:25]}
19. Bc1 {[%clk 01:26:42]  [%emt 00:01:27]} 19... Rfd8 {
[%clk 00:41:51]  [%emt 00:07:22]} 20. h3 {[%clk 01:25:48]  [%emt 00:01:29]}
20... Nc5 {[%clk 00:40:40]  [%emt 00:01:31]} 21. Kh2 {
[%clk 01:24:04]  [%emt 00:02:15]} 21... a5 {[%clk 00:35:50]  [%emt 00:05:22]}
22. g4 {[%clk 01:21:05]  [%emt 00:03:42]} 22... b4 {
[%clk 00:32:57]  [%emt 00:03:17]} 23. Rg1 {[%clk 01:20:14]  [%emt 00:01:12]}
23... cxd3 {[%clk 00:27:03]  [%emt 00:06:24]} 24. cxd3 {
[%clk 01:20:10]  [%emt 00:00:34]} 24... Bb5 {[%clk 00:26:29]  [%emt 00:01:05]}
25. Qe3 {[%clk 01:16:11]  [%emt 00:04:49]} 25... dxe4 {
[%clk 00:21:21]  [%emt 00:05:18]} 26. dxe4 {[%clk 01:15:26]  [%emt 00:01:17]}
26... Nd3 {[%clk 00:21:08]  [%emt 00:00:42]} 27. Rd1 {
[%clk 01:14:28]  [%emt 00:01:26]} 27... Bc5 {[%clk 00:20:39]  [%emt 00:01:12]}
28. Qd2 {[%clk 01:14:46]  [%emt 00:00:15]} 28... Bxf2 {
[%clk 00:20:00]  [%emt 00:00:53]} 29. Rgf1 {[%clk 01:14:31]  [%emt 00:00:44]}
29... Bb6 {[%clk 00:20:14]  [%emt 00:00:17]} 30. Qg2 {
[%clk 01:14:15]  [%emt 00:00:46]} 30... Nxc1 {[%clk 00:19:55]  [%emt 00:00:48]}
31. Rxc1 {[%clk 01:14:06]  [%emt 00:00:41]} 31... Bxf1 {
[%clk 00:19:03]  [%emt 00:01:21]} 32. Rxf1 {[%clk 01:14:23]  [%emt 00:00:19]}
32... Qxe4 {[%clk 00:19:07]  [%emt 00:00:20]} 0-1

[Event "V Open Escacs Xàtiva"]
[Site "Xàtiva, Spain"]
[Date "2019.07.19"]
[Round "7.10"]
[White "Soriano Pallas, Rafael"]
[Black "Albuixech Soler, Jordi"]
[Result "1-0"]
[WhiteElo "1839"]
[BlackElo "1330"]
[PlyCount "55"]
[EventDate "2019.??.??"]

1. e4 {[%clk 01:30:57]  [%emt 00:00:06]} 1... c6 {
[%clk 01:30:07]  [%emt 00:00:51]} 2. d4 {[%clk 01:30:46]  [%emt 00:00:57]} 2...
d5 {[%clk 01:30:30]} 3. Nc3 {[%clk 01:30:46]  [%emt 00:00:44]} 3... dxe4 {
[%clk 01:30:50]} 4. Nxe4 {[%clk 01:31:05]  [%emt 00:00:04]} 4... Bf5 {
[%clk 01:31:15]  [%emt 00:00:04]} 5. Ng3 {[%clk 01:31:27]  [%emt 00:00:06]}
5... Bg6 {[%clk 01:31:37]  [%emt 00:00:11]} 6. Nf3 {
[%clk 01:31:37]  [%emt 00:00:13]} 6... Nf6 {[%clk 01:31:56]  [%emt 00:00:45]}
7. h4 {[%clk 01:29:39]  [%emt 00:01:55]} 7... h6 {
[%clk 01:32:09]  [%emt 00:00:21]} 8. h5 {[%clk 01:29:08]  [%emt 00:00:59]} 8...
Bh7 {[%clk 01:32:32]  [%emt 00:00:05]} 9. Bd3 {[%clk 01:29:29]  [%emt 00:00:11]
} 9... Bxd3 {[%clk 01:32:26]  [%emt 00:00:33]} 10. Qxd3 {
[%clk 01:29:51]  [%emt 00:00:18]} 10... e6 {[%clk 01:32:45]  [%emt 00:00:04]}
11. Bd2 {[%clk 01:28:55]  [%emt 00:01:24]} 11... Bd6 {
[%clk 01:27:01]  [%emt 00:06:14]} 12. Ne4 {[%clk 01:28:27]  [%emt 00:01:04]}
12... Nxe4 {[%clk 01:26:55]  [%emt 00:00:29]} 13. Qxe4 {
[%clk 01:28:47]  [%emt 00:00:13]} 13... Nd7 {[%clk 01:27:10]  [%emt 00:00:29]}
14. O-O-O {[%clk 01:24:46]  [%emt 00:04:41]} 14... Nf6 {[%clk 01:27:34]} 15.
Qe2 {[%clk 01:23:49]  [%emt 00:01:06]} 15... Qc7 {
[%clk 01:25:53]  [%emt 00:02:22]} 16. g3 {[%clk 01:20:30]  [%emt 00:03:38]}
16... O-O-O {[%clk 01:23:44]  [%emt 00:02:53]} 17. Kb1 {
[%clk 01:15:08]  [%emt 00:05:40]} 17... Rhe8 {[%clk 01:14:54]  [%emt 00:09:19]}
18. c4 {[%clk 01:07:48]  [%emt 00:07:49]} 18... c5 {
[%clk 00:56:34]  [%emt 00:18:50]} 19. Bc3 {[%clk 01:00:28]  [%emt 00:07:51]}
19... Re7 {[%clk 00:34:31]  [%emt 00:22:40]} 20. Rh4 {
[%clk 00:35:00]  [%emt 00:25:57]} 20... Red7 {[%clk 00:19:36]  [%emt 00:15:22]}
21. dxc5 {[%clk 00:24:04]  [%emt 00:11:23]} 21... Bxc5 {
[%clk 00:18:09]  [%emt 00:01:57]} 22. Rxd7 {[%clk 00:23:29]  [%emt 00:01:13]}
22... Qxd7 {[%clk 00:17:32]  [%emt 00:01:04]} 23. b4 {
[%clk 00:20:53]  [%emt 00:03:01]} 23... Be7 {[%clk 00:16:11]  [%emt 00:01:51]}
24. Rd4 {[%clk 00:18:55]  [%emt 00:02:28]} 24... Qa4 {
[%clk 00:14:59]  [%emt 00:01:44]} 25. Rxd8+ {[%clk 00:18:44]  [%emt 00:00:41]}
25... Kxd8 {[%clk 00:15:21]  [%emt 00:00:08]} 26. Ne5 {
[%clk 00:17:53]  [%emt 00:01:18]} 26... Bxb4 {[%clk 00:14:15]  [%emt 00:01:36]}
27. Qd2+ {[%clk 00:17:47]  [%emt 00:00:44]} 27... Ke7 {
[%clk 00:12:47]  [%emt 00:01:51]} 28. Bxb4+ {[%emt 00:00:51]} 1-0

[Event "V Open Escacs Xàtiva"]
[Site "Xàtiva, Spain"]
[Date "2019.07.19"]
[Round "7.11"]
[White "Morant Gomar, Sergio"]
[Black "Custard Gasco, Daniela Brenda"]
[Result "0-1"]
[WhiteElo "1653"]
[BlackElo "1811"]
[PlyCount "90"]
[EventDate "2019.??.??"]

1. c4 {[%clk 01:30:56]  [%emt 00:00:03]} 1... e5 {
[%clk 01:30:52]  [%emt 00:00:08]} 2. Nc3 {[%clk 01:31:13]  [%emt 00:00:13]}
2... Nc6 {[%clk 01:31:00]  [%emt 00:00:22]} 3. g3 {
[%clk 01:31:09]  [%emt 00:00:34]} 3... Bc5 {[%clk 01:31:20]  [%emt 00:00:10]}
4. Bg2 {[%clk 01:30:54]  [%emt 00:00:44]} 4... a6 {
[%clk 01:30:10]  [%emt 00:01:41]} 5. Nf3 {[%clk 01:29:05]  [%emt 00:02:19]}
5... d6 {[%clk 01:29:21]  [%emt 00:01:19]} 6. a3 {
[%clk 01:28:49]  [%emt 00:00:47]} 6... Ba7 {[%clk 01:28:52]  [%emt 00:00:59]}
7. b4 {[%clk 01:28:31]  [%emt 00:00:47]} 7... Nge7 {
[%clk 01:28:36]  [%emt 00:00:46]} 8. Bb2 {[%clk 01:25:10]  [%emt 00:03:52]}
8... Be6 {[%clk 01:25:23]  [%emt 00:03:42]} 9. d3 {
[%clk 01:23:58]  [%emt 00:01:42]} 9... h6 {[%clk 01:24:44]  [%emt 00:01:09]}
10. Nd2 {[%clk 01:23:04]  [%emt 00:01:23]} 10... Qc8 {
[%clk 01:17:18]  [%emt 00:07:56]} 11. Rb1 {[%clk 01:18:57]  [%emt 00:04:36]}
11... Bh3 {[%clk 01:16:32]  [%emt 00:01:17]} 12. O-O {
[%clk 01:19:02]  [%emt 00:00:24]} 12... h5 {[%clk 01:13:56]  [%emt 00:03:07]}
13. Nde4 {[%clk 01:15:56]  [%emt 00:03:36]} 13... h4 {
[%clk 01:09:04]  [%emt 00:05:23]} 14. e3 {[%clk 00:50:36]  [%emt 00:25:49]}
14... hxg3 {[%clk 01:08:13]  [%emt 00:01:20]} 15. Qf3 {
[%clk 00:42:09]  [%emt 00:08:57]} 15... Bxg2 {[%clk 00:33:18]  [%emt 00:35:26]}
16. Qxg2 {[%clk 00:42:09]  [%emt 00:00:29]} 16... gxh2+ {
[%clk 00:32:12]  [%emt 00:01:37]} 17. Kh1 {[%clk 00:42:26]  [%emt 00:00:12]}
17... Kf8 {[%clk 00:27:22]  [%emt 00:05:20]} 18. c5 {
[%clk 00:38:55]  [%emt 00:04:01]} 18... Qe6 {[%clk 00:25:30]  [%emt 00:02:23]}
19. f4 {[%clk 00:35:46]  [%emt 00:03:39]} 19... Nf5 {
[%clk 00:24:37]  [%emt 00:01:23]} 20. Rbe1 {[%clk 00:33:44]  [%emt 00:02:32]}
20... f6 {[%clk 00:21:37]  [%emt 00:03:31]} 21. fxe5 {
[%clk 00:28:53]  [%emt 00:05:21]} 21... Nxe5 {[%clk 00:20:19]  [%emt 00:01:47]}
22. Ng5 {[%clk 00:27:14]  [%emt 00:02:08]} 22... Qc8 {
[%clk 00:19:18]  [%emt 00:01:32]} 23. d4 {[%clk 00:18:20]  [%emt 00:09:24]}
23... Nd3 {[%clk 00:18:17]  [%emt 00:01:31]} 24. Re2 {
[%clk 00:17:48]  [%emt 00:01:02]} 24... Nxb2 {[%clk 00:18:22]  [%emt 00:00:25]}
25. Rxb2 {[%clk 00:17:47]  [%emt 00:00:31]} 25... Nxe3 {
[%clk 00:17:56]  [%emt 00:00:56]} 26. Qe2 {[%clk 00:12:18]  [%emt 00:05:59]}
26... Nxf1 {[%clk 00:17:25]  [%emt 00:01:01]} 27. Qxf1 {
[%clk 00:12:14]  [%emt 00:00:33]} 27... Qg4 {[%clk 00:16:48]  [%emt 00:01:08]}
28. Rg2 {[%clk 00:11:53]  [%emt 00:00:50]} 28... Qd7 {
[%clk 00:16:01]  [%emt 00:01:18]} 29. Nd5 {[%clk 00:10:48]  [%emt 00:01:35]}
29... Rh6 {[%clk 00:13:25]  [%emt 00:03:05]} 30. Nxc7 {
[%clk 00:10:46]  [%emt 00:00:33]} 30... Re8 {[%clk 00:11:22]  [%emt 00:02:34]}
31. Nxe8 {[%clk 00:10:04]  [%emt 00:01:11]} 31... Qxe8 {
[%clk 00:11:23]  [%emt 00:00:29]} 32. Re2 {[%clk 00:10:12]  [%emt 00:00:22]}
32... Qc6+ {[%clk 00:11:39]  [%emt 00:00:14]} 33. Rg2 {
[%clk 00:10:08]  [%emt 00:00:34]} 33... dxc5 {[%clk 00:09:12]  [%emt 00:02:58]}
34. bxc5 {[%clk 00:06:38]  [%emt 00:04:00]} 34... Bb8 {
[%clk 00:09:01]  [%emt 00:00:42]} 35. Nf3 {[%clk 00:04:33]  [%emt 00:02:33]}
35... Rh3 {[%clk 00:08:09]  [%emt 00:01:23]} 36. Ng5 {
[%clk 00:01:16]  [%emt 00:03:47]} 36... Rg3 {[%clk 00:04:56]  [%emt 00:03:43]}
37. Nh7+ {[%clk 00:00:51]  [%emt 00:00:55]} 37... Kg8 {
[%clk 00:04:46]  [%emt 00:00:40]} 38. Nxf6+ {[%clk 00:00:40]  [%emt 00:00:41]}
38... gxf6 {[%clk 00:05:00]  [%emt 00:00:16]} 39. Qc4+ {
[%clk 00:00:53]  [%emt 00:00:17]} 39... Kg7 {[%clk 00:03:19]  [%emt 00:02:11]}
40. d5 {[%clk 00:01:17]  [%emt 00:00:06]} 40... Qb5 {
[%clk 00:03:32]  [%emt 00:00:17]} 41. Rxg3+ {[%clk 00:01:10]  [%emt 00:00:37]}
41... Bxg3 {[%clk 00:03:56]  [%emt 00:00:06]} 42. Qg4+ {
[%clk 00:01:32]  [%emt 00:00:08]} 42... Kf7 {[%clk 00:04:12]  [%emt 00:00:15]}
43. Qxg3 {[%clk 00:01:58]  [%emt 00:00:04]} 43... Qxc5 {
[%clk 00:04:08]  [%emt 00:00:34]} 44. d6 {[%clk 00:01:43]  [%emt 00:00:44]}
44... Qg1+ {[%clk 00:04:26]  [%emt 00:00:12]} 45. Qxg1 {
[%clk 00:02:10]  [%emt 00:00:03]} 45... hxg1=Q+ {
[%clk 00:04:48]  [%emt 00:00:09]} 0-1

[Event "V Open Escacs Xàtiva"]
[Site "Xàtiva, Spain"]
[Date "2019.07.19"]
[Round "7.12"]
[White "Crespo Calatayud, Santiago"]
[Black "Vila Tormo, Eduardo"]
[Result "0-1"]
[WhiteElo "1758"]
[BlackElo "1587"]
[PlyCount "64"]
[EventDate "2019.??.??"]

1. d4 {[%clk 01:30:58]  [%emt 00:00:01]} 1... Nf6 {
[%clk 01:30:40]  [%emt 00:00:20]} 2. Bf4 {[%clk 01:31:18]  [%emt 00:00:10]}
2... e6 {[%clk 01:30:52]  [%emt 00:00:18]} 3. e3 {
[%clk 01:31:34]  [%emt 00:00:14]} 3... d5 {[%clk 01:30:53]  [%emt 00:00:29]} 4.
Nd2 {[%clk 01:31:28]  [%emt 00:00:36]} 4... Bd6 {
[%clk 01:29:33]  [%emt 00:01:49]} 5. Ngf3 {[%clk 01:31:31]  [%emt 00:00:28]}
5... Bxf4 {[%clk 01:27:32]  [%emt 00:02:31]} 6. exf4 {
[%clk 01:31:51]  [%emt 00:00:10]} 6... O-O {[%clk 01:26:57]  [%emt 00:01:06]}
7. Bd3 {[%clk 01:32:08]  [%emt 00:00:12]} 7... b6 {
[%clk 01:26:57]  [%emt 00:00:30]} 8. Qe2 {[%clk 01:32:08]  [%emt 00:00:30]}
8... a5 {[%clk 01:22:39]  [%emt 00:04:48]} 9. O-O {
[%clk 01:30:59]  [%emt 00:01:39]} 9... Nbd7 {[%clk 01:18:15]  [%emt 00:04:54]}
10. Rfe1 {[%clk 01:30:48]  [%emt 00:00:41]} 10... Bb7 {
[%clk 01:18:10]  [%emt 00:00:35]} 11. Ne5 {[%clk 01:30:59]  [%emt 00:00:20]}
11... c5 {[%clk 01:15:16]  [%emt 00:03:23]} 12. c3 {
[%clk 01:30:58]  [%emt 00:00:32]} 12... c4 {[%clk 01:12:21]  [%emt 00:03:24]}
13. Bc2 {[%clk 01:31:09]  [%emt 00:00:19]} 13... b5 {
[%clk 01:11:17]  [%emt 00:01:34]} 14. g4 {[%clk 01:29:14]  [%emt 00:02:26]}
14... g6 {[%clk 01:08:34]  [%emt 00:03:12]} 15. Qf3 {
[%clk 01:27:03]  [%emt 00:02:41]} 15... Nxe5 {[%clk 01:00:15]  [%emt 00:08:50]}
16. fxe5 {[%clk 01:26:14]  [%emt 00:01:18]} 16... Nd7 {
[%clk 00:58:39]  [%emt 00:02:05]} 17. Qf4 {[%clk 01:26:08]  [%emt 00:00:37]}
17... f6 {[%clk 00:57:45]  [%emt 00:01:23]} 18. Qh6 {
[%clk 01:22:15]  [%emt 00:04:25]} 18... fxe5 {[%clk 00:51:21]  [%emt 00:06:53]}
19. Bxg6 {[%clk 01:19:26]  [%emt 00:03:19]} 19... Qe7 {
[%clk 00:51:04]  [%emt 00:00:46]} 20. Bc2 {[%clk 01:14:29]  [%emt 00:05:29]}
20... e4 {[%clk 00:46:24]  [%emt 00:05:10]} 21. f3 {
[%clk 01:03:57]  [%emt 00:11:02]} 21... Rf6 {[%clk 00:29:00]  [%emt 00:17:53]}
22. Qg5+ {[%clk 01:03:06]  [%emt 00:01:22]} 22... Kh8 {
[%clk 00:28:26]  [%emt 00:01:04]} 23. fxe4 {[%clk 01:03:17]  [%emt 00:00:18]}
23... Rf1+ {[%clk 00:27:18]  [%emt 00:01:38]} 24. Rxf1 {
[%clk 01:00:43]  [%emt 00:03:05]} 24... Qxg5 {[%clk 00:27:43]  [%emt 00:00:05]}
25. Rf2 {[%clk 01:00:22]  [%emt 00:00:50]} 25... Qxg4+ {
[%clk 00:24:58]  [%emt 00:03:15]} 26. Rg2 {[%clk 01:00:32]  [%emt 00:00:20]}
26... Qf4 {[%clk 00:23:52]  [%emt 00:01:36]} 27. e5 {
[%clk 00:57:49]  [%emt 00:03:14]} 27... Rg8 {[%clk 00:22:25]  [%emt 00:01:55]}
28. Nf1 {[%clk 00:51:30]  [%emt 00:06:49]} 28... Rxg2+ {
[%clk 00:21:55]  [%emt 00:01:00]} 29. Kxg2 {[%clk 00:51:47]  [%emt 00:00:14]}
29... Nxe5 {[%clk 00:17:35]  [%emt 00:04:50]} 30. dxe5 {
[%clk 00:49:28]  [%emt 00:02:49]} 30... d4+ {[%clk 00:14:58]  [%emt 00:03:07]}
31. Kh3 {[%clk 00:49:39]  [%emt 00:00:18]} 31... Qf3+ {
[%clk 00:14:30]  [%emt 00:00:58]} 32. Kh4 {[%clk 00:50:04]  [%emt 00:00:04]}
32... Qf2+ {[%emt 00:00:52]} 0-1

[Event "V Open Escacs Xàtiva"]
[Site "Xàtiva, Spain"]
[Date "2019.07.19"]
[Round "7.13"]
[White "Roca Cruz, Rafael"]
[Black "Porras Boronat, German"]
[Result "1-0"]
[WhiteElo "1880"]
[BlackElo "1463"]
[PlyCount "57"]
[EventDate "2019.??.??"]

1. d4 {[%clk 01:30:56]  [%emt 00:00:02]} 1... d5 {
[%clk 01:30:41]  [%emt 00:00:20]} 2. c4 {[%clk 01:31:19]  [%emt 00:00:07]} 2...
e6 {[%clk 01:30:49]  [%emt 00:00:22]} 3. cxd5 {[%clk 01:31:36]  [%emt 00:00:13]
} 3... exd5 {[%clk 01:31:09]  [%emt 00:00:10]} 4. Nc3 {
[%clk 01:32:02]  [%emt 00:00:04]} 4... Nf6 {[%clk 01:30:36]  [%emt 00:01:03]}
5. Bg5 {[%clk 01:32:24]  [%emt 00:00:07]} 5... Be7 {
[%clk 01:30:13]  [%emt 00:00:54]} 6. e3 {[%clk 01:32:43]  [%emt 00:00:11]} 6...
O-O {[%clk 01:29:27]  [%emt 00:01:16]} 7. Bd3 {[%clk 01:33:07]  [%emt 00:00:05]
} 7... Nbd7 {[%clk 01:26:31]  [%emt 00:03:27]} 8. Qc2 {
[%clk 01:33:29]  [%emt 00:00:08]} 8... c6 {[%clk 01:24:30]  [%emt 00:02:31]} 9.
Nge2 {[%clk 01:33:51]  [%emt 00:00:07]} 9... h6 {
[%clk 01:23:33]  [%emt 00:01:27]} 10. Bh4 {[%clk 01:34:04]  [%emt 00:00:17]}
10... Re8 {[%clk 01:18:18]  [%emt 00:05:46]} 11. f3 {
[%clk 01:34:08]  [%emt 00:00:26]} 11... Nf8 {[%clk 01:13:17]  [%emt 00:05:31]}
12. O-O {[%clk 01:34:03]  [%emt 00:00:35]} 12... Ne6 {
[%clk 01:10:24]  [%emt 00:03:22]} 13. Rae1 {[%clk 01:21:57]  [%emt 00:12:35]}
13... b6 {[%clk 01:00:58]  [%emt 00:09:57]} 14. Kh1 {
[%clk 01:04:50]  [%emt 00:17:37]} 14... Bb7 {[%clk 00:57:55]  [%emt 00:03:34]}
15. Bf5 {[%clk 00:56:11]  [%emt 00:09:09]} 15... c5 {
[%clk 00:41:33]  [%emt 00:16:52]} 16. Bxe6 {[%clk 00:53:30]  [%emt 00:03:12]}
16... fxe6 {[%clk 00:41:40]  [%emt 00:00:23]} 17. Nf4 {
[%clk 00:53:15]  [%emt 00:00:45]} 17... Qd7 {[%clk 00:21:44]  [%emt 00:20:26]}
18. Qg6 {[%clk 00:50:06]  [%emt 00:03:39]} 18... Bd8 {[%emt 00:37:30]} 19. Rf2
{[%clk 00:10:14]  [%emt 00:04:01]} 19... Qf7 {[%clk 00:19:33]  [%emt 00:02:02]}
20. Nb5 {[%clk 00:06:18]  [%emt 00:04:27]} 20... Qxg6 {
[%clk 00:15:21]  [%emt 00:04:41]} 21. Nxg6 {[%clk 00:06:42]  [%emt 00:00:06]}
21... Nd7 {[%clk 00:12:00]  [%emt 00:03:51]} 22. Bg3 {
[%clk 00:05:35]  [%emt 00:01:37]} 22... e5 {[%clk 00:06:20]  [%emt 00:06:09]}
23. dxe5 {[%clk 00:04:47]  [%emt 00:01:19]} 23... Re6 {[%emt 00:01:46]} 24. Nd6
{[%clk 00:04:05]  [%emt 00:00:12]} 24... Rxg6 {[%clk 00:05:41]  [%emt 00:00:53]
} 25. Nxb7 {[%clk 00:04:26]  [%emt 00:00:09]} 25... Be7 {
[%clk 00:03:45]  [%emt 00:02:26]} 26. Rd2 {[%emt 00:02:05]} 26... Rb8 {
[%clk 00:02:12]  [%emt 00:02:01]} 27. Nd6 {[%clk 00:03:11]  [%emt 00:00:12]}
27... Nxe5 {[%clk 00:01:45]  [%emt 00:00:57]} 28. Nf5 {
[%clk 00:02:56]  [%emt 00:00:45]} 28... Bf6 {[%clk 00:00:34]  [%emt 00:01:42]}
29. Bxe5 {[%clk 00:03:17]  [%emt 00:00:08]} 1-0

[Event "V Open Escacs Xàtiva"]
[Site "Xàtiva, Spain"]
[Date "2019.07.19"]
[Round "7.14"]
[White "Domenech Briz, Jose"]
[Black "Calderon Campos, Jose Carlos"]
[Result "1-0"]
[WhiteElo "1565"]
[BlackElo "1798"]
[PlyCount "41"]
[EventDate "2019.??.??"]

1. e4 {[%clk 01:30:57]  [%emt 00:00:03]} 1... e6 {
[%clk 01:30:47]  [%emt 00:00:14]} 2. Nc3 {[%clk 01:29:40]  [%emt 00:01:46]}
2... d5 {[%clk 01:31:05]  [%emt 00:00:11]} 3. d4 {
[%clk 01:29:52]  [%emt 00:00:19]} 3... Nf6 {[%clk 01:31:07]  [%emt 00:00:28]}
4. Bd3 {[%clk 01:28:22]  [%emt 00:02:01]} 4... c5 {
[%clk 01:29:57]  [%emt 00:01:38]} 5. exd5 {[%clk 01:26:32]  [%emt 00:02:21]}
5... exd5 {[%clk 01:29:28]  [%emt 00:00:59]} 6. dxc5 {
[%clk 01:26:37]  [%emt 00:00:25]} 6... Bxc5 {[%clk 01:29:45]  [%emt 00:00:12]}
7. Nf3 {[%clk 01:26:27]  [%emt 00:00:41]} 7... O-O {
[%clk 01:29:09]  [%emt 00:01:05]} 8. O-O {[%clk 01:26:35]  [%emt 00:00:23]}
8... Bg4 {[%clk 01:29:28]  [%emt 00:00:10]} 9. Bg5 {
[%clk 01:25:35]  [%emt 00:01:30]} 9... Be7 {[%clk 01:28:07]  [%emt 00:01:52]}
10. Bxf6 {[%clk 01:12:35]  [%emt 00:13:29]} 10... Bxf6 {
[%clk 01:28:27]  [%emt 00:00:10]} 11. Nxd5 {[%clk 01:12:17]  [%emt 00:00:49]}
11... Nc6 {[%clk 01:27:16]  [%emt 00:01:40]} 12. h3 {
[%clk 00:52:20]  [%emt 00:20:28]} 12... Be6 {[%clk 01:27:16]  [%emt 00:00:29]}
13. Nxf6+ {[%clk 00:52:30]  [%emt 00:00:20]} 13... Qxf6 {
[%clk 01:27:38]  [%emt 00:00:08]} 14. c3 {[%clk 00:52:25]  [%emt 00:00:35]}
14... Rad8 {[%clk 01:27:51]  [%emt 00:00:17]} 15. Qc2 {
[%clk 00:52:37]  [%emt 00:00:18]} 15... Bxh3 {[%emt 00:01:03]} 16. Bxh7+ {
[%clk 00:50:57]  [%emt 00:01:28]} 16... Kh8 {[%clk 01:28:24]  [%emt 00:00:07]}
17. Be4 {[%clk 00:50:53]  [%emt 00:00:33]} 17... Bg4 {
[%clk 01:28:24]  [%emt 00:00:29]} 18. Rad1 {[%clk 00:47:16]  [%emt 00:04:09]}
18... g6 {[%clk 01:28:03]  [%emt 00:00:52]} 19. Qa4 {
[%clk 00:29:35]  [%emt 00:18:10]} 19... Rxd1 {[%clk 01:26:36]  [%emt 00:01:57]}
20. Rxd1 {[%clk 00:28:00]  [%emt 00:02:05]} 20... Kh7 {
[%clk 01:25:58]  [%emt 00:01:08]} 21. Bxc6 {[%clk 00:27:56]  [%emt 00:00:34]}
1-0